|
|
|
|
| LEADER |
01162nam a2200277 a 4500 |
| 001 |
2596404 |
| 008 |
091105s1997 dcua b i000 0 eng d |
| 010 |
|
|
|a \\\97006361
|
| 020 |
|
|
|a 0821339095(pbk.)
|
| 040 |
|
|
|a DLC
|c DLC
|d DLC
|
| 082 |
0 |
0 |
|a 338.1/8
|2 21
|
| 100 |
1 |
|
|a Meerman, Jacob,
|d 1931-
|
| 245 |
1 |
0 |
|a Reforming agriculture :
|b the World Bank goes to market /
|c Jacob P. Meerman.
|
| 260 |
|
|
|a Washington, D.C. :
|b World Bank,
|c 1997.
|
| 300 |
|
|
|a xv, 162 p. :
|b ill. ;
|c 28 cm.
|
| 490 |
0 |
|
|a A World Bank operations evaluation study
|
| 500 |
|
|
|a Prepared by the Operations Evaluation Dept.
|
| 504 |
|
|
|a Includes bibliographical references.
|
| 541 |
1 |
|
|e 00007134
|
| 650 |
|
0 |
|a Agricultural development projects
|z Developing countries
|x Evaluation.
|
| 650 |
|
0 |
|a Agriculture and state
|z Developing countries.
|
| 610 |
2 |
0 |
|a World Bank.
|
| 710 |
2 |
|
|a World Bank.
|b Operations Evaluation Dept.
|
| 852 |
4 |
|
|a Ayesha Abed Library
|j General shelf
|
| 999 |
|
|
|c 5169
|d 5169
|
| 952 |
|
|
|0 0
|1 0
|2 ddc
|4 0
|6 338_180000000000000_MEE_1997
|7 0
|9 5022
|a BRACUL
|b BRACUL
|c GEN
|d 2009-11-07
|g 0.00
|l 0
|o 338.18 MEE
|p 3010007134
|r 2009-11-07
|t 1
|w 2009-11-07
|y BK
|x No price found in the accession register.
|